Peru Immigration by Country - Statistics

General Stats
  • This quiz has been taken 1,257 times
  • The average score is 17 of 20
Answer Stats
# People Country of Origin % Correct
8,672 Brazil
98%
34,687 Colombia
97%
861,549 Venezuela
97%
8,672 Chile
96%
10.409 United States
96%
9,635 Argentina
95%
3,242 Mexico
94%
9,635 Ecuador
93%
5,280 Bolivia
91%
12,526 Spain
91%
7,708 China
89%
861 Uruguay
85%
1,331 United Kingdom
82%
1,343 Canada
81%
2,378 France
81%
1,014 Japan
80%
1,992 Germany
78%
2,781 Italy
77%
821 Cuba
69%
1,555 South Korea
57%
No matching quizzes found
Score Distribution
Percent of People with Each Score
Percentile by Number Answered
Your Score History
You have not taken this quiz